| 000 | 00477 a2200157 4500 | ||
|---|---|---|---|
| 003 | Nust | ||
| 005 | 20230309142955.0 | ||
| 040 | _cNust | ||
| 082 | _a297.63,YUN | ||
| 100 |
_aYounas, Hafiz Mohammad _9110096 |
||
| 245 |
_aRASOOLULLAH S. A. W Ka Safarati Nizam - رسول اللہ ﷺ کا سفارتی / _cDr Hafiz Mohammad Younas |
||
| 260 |
_aRawalpindi _bDarul Forqan |
||
| 300 | _a487:p | ||
| 650 |
_aMohammad Foreign policy(Urdu) _9110097 |
||
| 942 |
_2ddc _cBK _k297.63,YUN |
||
| 999 |
_c187762 _d187762 |
||